[Event "Cochabamba GP op 4th"]
[Site "Cochabamba"]
[Date "2023.09.07"]
[Round "2"]
[White "Pascual Orihuela, Luis Alberto"]
[Black "Zubieta Echalar, Eduardo"]
[Result "0-1"]
[WhiteElo "1266"]
[BlackElo "1577"]
[PlyCount "90"]
[EventDate "2023.09.07"]
[EventType "swiss"]
[EventRounds "7"]
[EventCountry "BOL"]
[SourceTitle "EXT 2024"]
[Source "ChessBase"]
[SourceDate "2023.10.10"]
[SourceVersion "1"]
[SourceVersionDate "2023.10.10"]
[SourceQuality "1"]

1. c4 Nf6 2. Nc3 g6 3. g3 Bg7 4. Bg2 0-0 5. d3 d6 6. e4 Nc6 7. Nge2 Bg4 8. h3 Bd7 9. Bd2 e5 10. a3 a5 11. Qc1 Ne7 12. Bh6 c6 13. 0-0 Be6 14. Bxg7 Kxg7 15. f4 b5 16. f5 Bd7 17. fxg6 fxg6 18. b3 Qb6+ 19. Kh2 Rac8 20. Qd2 Be6 21. Rab1 Nd7 22. Qg5 Ng8 23. Qd2 h6 24. a4 b4 25. Nd1 Rxf1 26. Bxf1 Ngf6 27. Qe3 Qxe3 28. Nxe3 d5 29. exd5 cxd5 30. Bg2 d4 31. Nf1 Nc5 32. Nc1 Bf5 33. g4 Bxd3 34. Nxd3 Nxd3 35. Nd2 Re8 36. Be4 Nc5 37. Re1 Ncxe4 38. Nxe4 Nxe4 39. Rxe4 d3 40. Re1 e4 41. Kg2 d2 42. Rd1 e3 43. c5 e2 44. Rxd2 e1Q 45. Rd7+ Kf8 0-1